100 Actrices internationales (en Images) - Statistiques

Statistiques générales
  • Ce quiz a été pris 594 fois
  • Le résultat moyen est 36 sur 100
Statistiques - réponses
Par images Réponse % Correct
Margot Robbie
93%
Emma Watson
86%
Zendaya
82%
Angelina Jolie
75%
Julia Roberts
75%
Jennifer Aniston
73%
Emma Stone
72%
Jennifer Lopez
71%
Natalie Portman
71%
Jenna Ortega
70%
Jennifer Lawrence
66%
Millie Bobby Brown
65%
Scarlett Johansson
65%
Helena Bonham-Carter
64%
Anne Hathaway
63%
Kristen Stewart
63%
Gal Gadot
59%
Nicole Kidman
59%
Cameron Diaz
58%
Meryl Streep
58%
Sandra Bullock
55%
Monica Bellucci
54%
Kate Winslet
53%
Blake Lively
52%
Florence Pugh
52%
Cate Blanchett
47%
Maggie Smith
47%
Megan Fox
46%
Emily Blunt
45%
Dakota Johnson
44%
Jessica Alba
44%
Elizabeth Olsen
43%
Charlize Theron
42%
Gwyneth Paltrow
42%
Anya Taylor-Joy
41%
Courteney Cox
41%
Demi Moore
41%
Jodie Foster
40%
Keira Knightley
40%
Zoe Saldana
40%
Mila Kunis
39%
Alexandra Daddario
38%
Emilia Clarke
38%
Lily Collins
38%
Winona Ryder
36%
Jamie Lee Curtis
35%
Salma Hayek
35%
Sigourney Weaver
35%
Halle Berry
34%
Jessica Chastain
34%
Whoopie Goldberg
34%
Brie Larson
33%
Elle Fanning
32%
Julianne Moore
32%
Amber Heard
31%
Emma Thompson
31%
Vanessa Hudgens
31%
Jane Fonda
29%
Ellen Pompeo
28%
Maya Hawke
28%
Reese Witherspoon
28%
Teri Hatcher
28%
Uma Thurman
27%
Diane Kruger
26%
Kirsten Dunst
26%
Tilda Swinton
26%
Amy Adams
24%
Drew Barrymore
24%
Michelle Yeoh
24%
Viola Davis
24%
Sharon Stone
23%
Hilary Swank
20%
Saoirse Ronan
20%
Susan Sarandon
20%
Kristen Bell
18%
Michelle Pfeiffer
18%
Catherine Zeta Jones
17%
Evangeline Lily
15%
Frances McDormand
15%
Judi Dench
15%
Rosamund Pike
15%
Ursula Corbero
14%
Jennifer Connelly
13%
Jessica Lange
12%
Liv Tyler
12%
Rebecca Ferguson
12%
Diane Keaton
11%
Helen Hunt
10%
Alicia Vikander
7%
Faye Dunaway
7%
Naomi Watts
7%
Robin Wright
7%
Sandra Hüller
7%
Renée Zellwegger
6%
Suzanne Clement
6%
Anne Dorval
5%
Olga Kurylenko
5%
Anna Paquin
4%
Lily Gladstone
4%
Zoé Bell
2%
Aucun quiz correspondant
Distribution des résultats
% des personnes avec chaque résultat
Percentile par nombre de réponses
Votre historique - résultats
Vous n’avez pas pris ce quiz